ამპელოგრაფია. (ბიბ.ჩანაწერი № 44726)
[ მარტივი ფორმატი ]
| 000 -LEADER | |
|---|---|
| fixed length control field | 00721nam a2200229Ia 4500 |
| 001 - CONTROL NUMBER | |
| control field | 11531 |
| 003 - CONTROL NUMBER IDENTIFIER | |
| control field | GE_BSU |
| 008 - FIXED-LENGTH DATA ELEMENTS--GENERAL INFORMATION | |
| fixed length control field | 181216s||||||||xx |||||||||||||| ||und|| |
| 040 ## - CATALOGING SOURCE | |
| Transcribing agency | GE_BSU |
| 080 ## - UNIVERSAL DECIMAL CLASSIFICATION NUMBER | |
| Universal Decimal Classification number | 634.84(075.8) |
| 100 ## - MAIN ENTRY--PERSONAL NAME | |
| Personal name | რამიშვილი,მ. |
| 245 ## - TITLE STATEMENT | |
| Title | ამპელოგრაფია. |
| 245 ## - TITLE STATEMENT | |
| Remainder of title | სახელმძღვ.სას.სამ. ინ–ტის სტუდენტებისათვის. |
| 245 ## - TITLE STATEMENT | |
| Statement of responsibility, etc. | რედ:ლ.მესხი. |
| 260 ## - PUBLICATION, DISTRIBUTION, ETC. | |
| Place of publication, distribution, etc. | თბილისი. |
| 260 ## - PUBLICATION, DISTRIBUTION, ETC. | |
| Name of publisher, distributor, etc. | განათლება. |
| 260 ## - PUBLICATION, DISTRIBUTION, ETC. | |
| Date of publication, distribution, etc. | 1986. |
| 300 ## - PHYSICAL DESCRIPTION | |
| Extent | 629გვ;22სმ. |
| 300 ## - PHYSICAL DESCRIPTION | |
| Accompanying material | ილ. |
| 653 ## - INDEX TERM--UNCONTROLLED | |
| Uncontrolled term | ამპელოგრაფია. |
| 942 ## - ADDED ENTRY ELEMENTS (KOHA) | |
| Koha item type | წიგნი |
| Withdrawn status | Lost status | Damaged status | Not for loan | Date acquired | Barcode | Date last seen | Price effective from | Koha item type |
|---|---|---|---|---|---|---|---|---|
| 2018-12-17 | 19816 | 2018-12-17 | 2018-12-17 | წიგნი | ||||
| 2018-12-17 | 19817 | 2018-12-17 | 2018-12-17 | წიგნი | ||||
| 2018-12-17 | 19818 | 2018-12-17 | 2018-12-17 | წიგნი | ||||
| 2018-12-17 | 19819 | 2018-12-17 | 2018-12-17 | წიგნი | ||||
| 2018-12-17 | 19820 | 2018-12-17 | 2018-12-17 | წიგნი | ||||
| 2018-12-17 | 19821 | 2018-12-17 | 2018-12-17 | წიგნი | ||||
| 2018-12-17 | 19822 | 2018-12-17 | 2018-12-17 | წიგნი | ||||
| 2018-12-17 | 19823 | 2018-12-17 | 2018-12-17 | წიგნი | ||||
| 2018-12-17 | 19824 | 2018-12-17 | 2018-12-17 | წიგნი | ||||
| 2018-12-17 | 19825 | 2018-12-17 | 2018-12-17 | წიგნი | ||||
| 2018-12-17 | 19826 | 2018-12-17 | 2018-12-17 | წიგნი | ||||
| 2018-12-17 | 19827 | 2018-12-17 | 2018-12-17 | წიგნი | ||||
| 2018-12-17 | 19828 | 2018-12-17 | 2018-12-17 | წიგნი | ||||
| 2018-12-17 | 19829 | 2018-12-17 | 2018-12-17 | წიგნი | ||||
| 2018-12-17 | 19830 | 2018-12-17 | 2018-12-17 | წიგნი | ||||
| 2018-12-17 | 19831 | 2018-12-17 | 2018-12-17 | წიგნი | ||||
| 2018-12-17 | 19832 | 2018-12-17 | 2018-12-17 | წიგნი | ||||
| 2018-12-17 | 19833 | 2018-12-17 | 2018-12-17 | წიგნი | ||||
| 2018-12-17 | 19834 | 2018-12-17 | 2018-12-17 | წიგნი | ||||
| 2018-12-17 | 19835 | 2018-12-17 | 2018-12-17 | წიგნი | ||||
| 2018-12-17 | 19836 | 2018-12-17 | 2018-12-17 | წიგნი | ||||
| 2018-12-17 | 19837 | 2018-12-17 | 2018-12-17 | წიგნი | ||||
| 2018-12-17 | 19838 | 2018-12-17 | 2018-12-17 | წიგნი | ||||
| 2018-12-17 | 19839 | 2018-12-17 | 2018-12-17 | წიგნი | ||||
| 2018-12-17 | 19840 | 2018-12-17 | 2018-12-17 | წიგნი |
